00520 2200193 4500001002100000005001500021035002000036007000300056008004100059020002200100082000800122084001400130100001800144245006300162250001100225260003500236300003700271650001800308INLIS00000000000205520260302124035 a0010-0326000004ta260302 g 1 eng  a978-1-40831-595-8 a823 a823 DAI u0 aDaisy Meadows1 aUna Concert Fairy :bThe Pop Star Fairies /cDaisy Meadows aCet. 1 aInggris :bOrchad Books,c2012 aviii + 80 hlm :bilus ;c13 x 19 aNovel Inggris